LEADER 00996nam0 22002891i 450 001 RML0286091 005 20231121125732.0 010 $a030645744X 100 $a20121121d1998 ||||0itac50 ba 101 | $aeng 102 $aus 181 1$6z01$ai $bxxxe 182 1$6z01$an 200 1 $aX-ray diffraction$ea practical approach$fC. Suryanarayana and M. Grant Norton 210 $aNew York $cPlenum Press $d1998 215 $axiv, 274 p.$d25 cm. 676 $a548$9$v21 700 1$aSuryanarayana$b, C.$3RMLV184714$0547061 701 1$aGrant Norton$b, M.$3RMLV184713$01445073 801 3$aIT$bIT-01$c20121121 850 $aIT-FR0099 899 $aBiblioteca Area Ingegneristica$bFR0099 912 $aRML0286091 950 0$aBiblioteca Area Ingegneristica$d 54DII 548 SUR$e 54VM 0000558665 VM barcode:BAIN004219. - Inventario:4663DVM$fA $h20050509$i20121204 977 $a 54 996 $aX-ray diffraction$93627238 997 $aUNICAS